Statistiques concernant Mots français d'origine anglaise

Cliquez ici pour prendre le quiz!

Statistiques générales

  • Ce quiz a été pris 194 fois
  • Le résultat moyen est 20 sur 30

Statistiques - réponses

DéfinitionLettreMot% Correct
Vendeur de drogue, de stupéfiantsDDealer
94%
Boisson composée notamment de plusieurs boissons dont certaines sont alcooliséesCCocktail
89%
Chef d’un parti politique ou d’un groupe quelconque, en particulier lorsqu’il sait entraîner ce groupe à sa suiteLLeader
88%
Enlèvement généralement accompagné de demande de rançonKKidnapping
85%
Jeu de cartes où chaque joueur doit former la meilleure combinaison possible de cinq cartesPPoker
81%
Espace délimité par des cordes où a lieu un combatRRing
81%
Instrument muni d’une lame rentrante très tranchante, utilisé pour découper du papier ou du carton.CCutter
80%
Prise excédentaire d’un médicament ou d’un stupéfiantOOverdose
80%
Effet comique, blagueGGag
78%
Chant religieux chrétien développé d’abord chez les afro-américains et les blancs du sud des États-Unis.GGospel
78%
Vêtement analogue au pantalon, mais très court, ne couvrant que le haut des cuissesSShort
77%
Coup de poing réalisé de bas en hautUUppercut
77%
Cour amoureuse, généralement avec une connotation sexuelle, mais de façon légère et généralement sans but de relation à long terme.FFlirt
75%
Technique de synchronisation labiale qui consiste à faire semblant de chanterPPlayback
72%
Concurrent qui ne fait pas partie des favoris, qui a peu de chance de gagnerOOutsider
70%
Match entre deux villes proches géographiquement.DDerby
68%
Calme, détendu, qui n’est pas du genre à s’angoisser ni à s’énerverCCool
64%
Désavantage physique ou mental subi par une personneHHandicap
62%
Vue d’ensemblePPanorama
56%
Veste croisée semblable à celle d'un complet-vestonBBlazer
54%
(Rugby) Coup de pied en demi-volée pour envoyer le ballon par-dessus la barre horizontale du but de l’équipe adverse.DDrop
53%
Classement des meilleures ventes de disquesHHit-Parade
53%
Jeu de patience composé de petites pièces à contours irréguliersPPuzzle
50%
Capacité d’une personne à maîtriser son humeur, ses émotionsSSelf-control
49%
Vêtement couvrant le buste, des épaules à la ceinture et les bras jusqu’aux poignetsPPull-Over
48%
(Cinéma, Littérature) Copie ; repriseRRemake
47%
Cessation volontaire de toute relation avec un individu, un groupe, un pays et refus des biens qu'il met en circulation.BBoycott
44%
Ruée, cohue, affluxRRush
42%
Commissionnaire, coursier en livrée, employé le plus souvent dans le service de grands établissementGGroom
41%
(Marine) TransbordeurFFerry
31%

Distribution des résultats

Percentile par nombre de réponses

% des personnes avec chaque résultat

Votre développement - résultats

Vous n’avez pas pris ce quiz